[Event "FRA-chT2"]
[Site "France"]
[Date "2002.03.23"]
[Round "10"]
[White "Plane, Boris"]
[Black "Chevallier, Didier"]
[Result "0-1"]
[WhiteElo "2162"]
[BlackElo "2320"]
[PlyCount "36"]
[EventDate "2002.??.??"]
[EventType "team"]
[EventRounds "11"]
[EventCountry "FRA"]
[SourceTitle "EXT 2003"]
[Source "ChessBase"]
[SourceDate "2002.11.25"]
[SourceVersion "1"]
[SourceVersionDate "2002.11.25"]
[SourceQuality "1"]

1. e4 c5 2. Nf3 e6 3. d4 cxd4 4. Nxd4 Nf6 5. Nc3 Nc6 6. Ndb5 d6 7. Bf4 e5 8. Nd5 Nxd5 9. exd5 Nb8 10. Bxe5 dxe5 11. d6 Na6 12. Qd5 Qb6 13. 0-0-0 Be6 14. Qxe5 0-0-0 15. Be2 Kb8 16. Rd4 Qc5 17. Qxc5 Nxc5 18. b4 Na4 0-1

[Event "FRA-chT"]
[Site "France"]
[Date "2001.02.03"]
[Round "2.8"]
[White "Depyl, Pascal"]
[Black "Chevallier, Didier"]
[Result "0-1"]
[WhiteElo "2172"]
[BlackElo "2317"]
[PlyCount "80"]
[EventDate "2001.02.02"]
[EventType "team"]
[EventRounds "11"]
[EventCountry "FRA"]
[SourceTitle "EXT 2002"]
[Source "ChessBase"]
[SourceDate "2001.11.25"]
[SourceVersion "1"]
[SourceVersionDate "2001.11.25"]
[SourceQuality "1"]
[WhiteTeam "Gonfreville"]
[BlackTeam "Noyon"]
[WhiteTeamCountry "FRA"]
[BlackTeamCountry "FRA"]

1. d4 d5 2. Bg5 Nd7 3. Nf3 Ngf6 4. Nbd2 e6 5. e3 c5 6. c3 Qb6 7. Rb1 Bd6 8. Bd3 e5 9. dxe5 Nxe5 10. Nxe5 Bxe5 11. Nf3 Bc7 12. Bxf6 gxf6 13. Qc2 h5 14. Bf5 Bxf5 15. Qxf5 Qe6 16. Qc2 0-0-0 17. b4 Qe4 18. Qxe4 dxe4 19. Nd2 f5 20. Nb3 Be5 21. bxc5 Bxc3+ 22. Ke2 Rd3 23. Rhc1 h4 24. g3 Kc7 25. Rc2 Rhd8 26. Rbc1 Be5 27. Rc4 Rh8 28. f4 hxg3 29. fxe5 Rxh2+ 30. Kf1 Rxe3 31. Nd4 f4 32. c6 Rh1+ 33. Kg2 Rxc1 34. Rxc1 bxc6 35. Rxc6+ Kb7 36. Rf6 Rd3 37. Rxf7+ Kc8 38. Ne6 Rd2+ 39. Kg1 f3 40. Rf8+ Kb7 0-1

[Event "FRA-chT 9900"]
[Site "France"]
[Date "2000.02.06"]
[Round "3.5"]
[White "Doornbos, Yann"]
[Black "Chevallier, Didier"]
[Result "0-1"]
[WhiteElo "2353"]
[BlackElo "2325"]
[PlyCount "70"]
[EventDate "1999.02.04"]
[EventType "team"]
[EventRounds "11"]
[EventCountry "FRA"]
[SourceTitle "EXT 2001"]
[Source "ChessBase"]
[SourceDate "2000.11.22"]
[SourceVersion "1"]
[SourceVersionDate "2000.11.22"]
[SourceQuality "1"]

1. d4 Nf6 2. c4 Nc6 3. Nf3 e6 4. g3 Bb4+ 5. Bd2 Qe7 6. Bg2 Bxd2+ 7. Nbxd2 d6 8. 0-0 0-0 9. e4 e5 10. d5 Nb8 11. b4 a5 12. a3 Na6 13. Qb3 Bd7 14. Rab1 c6 15. Ne1 Rfc8 16. bxa5 Nc5 17. Qb4 Qd8 18. f4 exf4 19. gxf4 Nh5 20. Nb3 Nxf4 21. Nxc5 dxc5 22. Qd2 Qf6 23. Nf3 Bg4 24. e5 Qf5 25. Rb3 cxd5 26. cxd5 c4 27. Re3 c3 28. Qf2 Nxd5 29. Ree1 Rxa5 30. Nd4 Qxf2+ 31. Kxf2 c2 32. Nb3 Rb5 33. Nd4 Rb2 34. Kg3 Be6 35. Nxe6 fxe6 0-1

[Event "FRA-chT 9900"]
[Site "France"]
[Date "2000.02.05"]
[Round "2.6"]
[White "Marzolo, Cyril"]
[Black "Chevallier, Didier"]
[Result "1-0"]
[WhiteElo "2396"]
[BlackElo "2325"]
[PlyCount "89"]
[EventDate "1999.02.04"]
[EventType "team"]
[EventRounds "11"]
[EventCountry "FRA"]
[SourceTitle "EXT 2001"]
[Source "ChessBase"]
[SourceDate "2000.11.22"]
[SourceVersion "1"]
[SourceVersionDate "2000.11.22"]
[SourceQuality "1"]

1. d4 Nf6 2. c4 Nc6 3. Nf3 e6 4. Bg5 Bb4+ 5. Nc3 h6 6. Bh4 g5 7. Bg3 Ne4 8. Qc2 Nxg3 9. hxg3 g4 10. d5 gxf3 11. dxc6 dxc6 12. gxf3 Qf6 13. Rc1 Bxc3+ 14. Qxc3 Qxc3+ 15. Rxc3 c5 16. f4 Bd7 17. Re3 0-0-0 18. Re5 Bc6 19. f3 b6 20. f5 Bd7 21. fxe6 Bxe6 22. Bh3 Rd6 23. Bxe6+ Rxe6 24. Rxe6 fxe6 25. g4 Kd7 26. Rh5 Ke7 27. g5 Kf7 28. Rxh6 Rxh6 29. gxh6 Kg6 30. f4 Kxh6 31. Kf2 Kg6 32. e4 e5 33. f5+ Kh5 34. Ke3 Kg5 35. Kd3 Kf6 36. Kc3 Ke7 37. b4 cxb4+ 38. Kxb4 a6 39. c5 Kd7 40. Kc4 Kc6 41. f6 b5+ 42. Kb4 Kd7 43. Ka5 Ke6 44. Kxa6 Kxf6 45. Kxb5 1-0

[Event "FRA-chT"]
[Site "France"]
[Date "1996.??.??"]
[Round "?"]
[White "Chevallier, Didier"]
[Black "Roos, Daniel"]
[Result "0-1"]
[WhiteElo "2300"]
[BlackElo "2420"]
[PlyCount "138"]
[EventDate "1996.??.??"]
[EventType "team"]
[EventRounds "11"]
[EventCountry "FRA"]
[SourceTitle "CBM 055 Extra"]
[Source "ChessBase"]
[SourceDate "1997.01.01"]
[SourceVersion "1"]
[SourceVersionDate "1997.01.01"]
[SourceQuality "1"]

1. e4 c6 2. d4 d5 3. e5 Bf5 4. Nf3 e6 5. Be2 Ne7 6. 0-0 Nd7 7. Nbd2 a6 8. Nh4 Bg6 9. c3 c5 10. Nxg6 hxg6 11. Nf3 Nc6 12. Be3 Be7 13. g3 Rc8 14. h4 Qb6 15. Rb1 cxd4 16. cxd4 a5 17. Kg2 Ra8 18. a3 a4 19. b4 axb3 20. Rxb3 Qc7 21. Qb1 Ra7 22. a4 0-0 23. Rc1 Rc8 24. Bb5 Qd8 25. Rbc3 Nb6 26. Qc2 Rca8 27. Bg5 Nxa4 28. Rb3 Bxg5 29. hxg5 Nb6 30. Bxc6 bxc6 31. Qxc6 Nc4 32. Qb5 Ra2 33. Rbc3 Rb8 34. Qc5 Ra5 35. Qc6 Rb6 36. Rxc4 dxc4 37. Qxc4 Rb2 38. Qc8 Ra8 39. Qxd8+ Rxd8 40. Rd1 Kf8 41. Ne1 Re2 42. Kf3 Rxe5 43. dxe5 Rxd1 44. Ng2 Ke7 45. Ne3 Rd2 46. Nc4 Rc2 47. Ne3 Ra2 48. Ng4 Kd7 49. Kg2 Kc6 50. Kh3 Kd5 51. f3 Re2 52. f4 Ke4 53. Nh2 Rf2 54. Ng4 Ra2 55. Nh2 Ke3 56. Ng4+ Kf3 57. Nh2+ Kf2 58. Ng4+ Kg1 59. Ne3 Ra1 60. Ng4 Ra8 61. Ne3 Rd8 62. Nc4 Kf2 63. Nd6 Kf3 64. Nxf7 Rf8 65. Nh6 gxh6 66. gxh6 Rf5 67. g4 Rxf4 68. h7 Rf8 69. Kh4 Kf4 0-1

[Event "FRA-chT"]
[Site "France"]
[Date "1996.??.??"]
[Round "?"]
[White "Vareille, Francois"]
[Black "Chevallier, Didier"]
[Result "1/2-1/2"]
[WhiteElo "2400"]
[BlackElo "2300"]
[PlyCount "71"]
[EventDate "1996.??.??"]
[EventType "team"]
[EventRounds "11"]
[EventCountry "FRA"]
[SourceTitle "CBM 055 Extra"]
[Source "ChessBase"]
[SourceDate "1997.01.01"]
[SourceVersion "1"]
[SourceVersionDate "1997.01.01"]
[SourceQuality "1"]

1. d4 Nf6 2. c4 Nc6 3. Nf3 e6 4. Nc3 Bb4 5. e3 d6 6. Bd2 a5 7. Bd3 e5 8. d5 Nb8 9. Bc2 c6 10. dxc6 Nxc6 11. Nd5 Bc5 12. a3 0-0 13. Bc3 g6 14. 0-0 Nxd5 15. cxd5 Ne7 16. b4 axb4 17. axb4 Rxa1 18. Qxa1 Bb6 19. Bb3 h6 20. Nd2 Kh7 21. Kh1 Bd7 22. Nc4 Bb5 23. Rd1 Bxc4 24. Bxc4 Qc7 25. Bb3 Rc8 26. Bxe5 dxe5 27. d6 Qd8 28. dxe7 Qxe7 29. g3 Rd8 30. Rxd8 Bxd8 31. Qa4 Kg7 32. Bd5 h5 33. Qb5 b6 34. h4 Bc7 35. Kg2 Bd6 36. Qxb6 1/2-1/2

[Event "FRA-chT"]
[Site "France"]
[Date "1995.??.??"]
[Round "5"]
[White "Chevallier, Didier"]
[Black "Etchegaray, Patrice"]
[Result "0-1"]
[WhiteElo "2305"]
[BlackElo "2335"]
[PlyCount "64"]
[EventDate "1995.??.??"]
[EventType "team"]
[EventRounds "5"]
[EventCountry "FRA"]
[SourceTitle "EXT 2005"]
[Source "ChessBase"]
[SourceDate "2004.11.15"]
[SourceVersion "1"]
[SourceVersionDate "2004.11.15"]
[SourceQuality "1"]

1. d4 Nf6 2. Nf3 g6 3. Nc3 d5 4. Bf4 Bg7 5. e3 0-0 6. Be2 Bg4 7. h3 Bxf3 8. Bxf3 c6 9. h4 Nfd7 10. h5 e5 11. dxe5 Nxe5 12. Be2 Nbd7 13. Qd2 Nb6 14. Bxe5 Bxe5 15. f4 Bg7 16. 0-0-0 Qe7 17. Bd3 Rfd8 18. Rh3 Nc4 19. Bxc4 dxc4 20. Qe1 b5 21. hxg6 hxg6 22. e4 b4 23. Rxd8+ Rxd8 24. Nd1 c3 25. e5 Qe6 26. b3 Qg4 27. Qf1 Rd2 28. Ne3 Qe2 29. Qh1 Rd4 30. Rf3 Rxf4 31. Rh3 Re4 32. Nd1 Qd2+ 0-1

[Event "Paris op"]
[Site "Paris"]
[Date "1995.??.??"]
[Round "?"]
[White "Chevallier, Didier"]
[Black "Gorbatov, Alexej"]
[Result "1-0"]
[WhiteElo "2305"]
[BlackElo "2410"]
[PlyCount "75"]
[EventDate "1995.04.??"]
[EventType "swiss"]
[EventRounds "9"]
[EventCountry "FRA"]
[SourceTitle "EXT 1997"]
[Source "ChessBase"]
[SourceDate "1996.11.15"]
[SourceVersion "1"]
[SourceVersionDate "1996.11.15"]
[SourceQuality "1"]

1. d4 e6 2. e4 c5 3. d5 exd5 4. exd5 d6 5. Nc3 Nf6 6. Bd3 Be7 7. h3 0-0 8. Qf3 Na6 9. a3 Nc7 10. Bf4 b5 11. Bxb5 Nxb5 12. Nxb5 Rb8 13. a4 a6 14. Na3 Rxb2 15. Ne2 Bb7 16. Nc3 Qa8 17. Rd1 Rb4 18. 0-0 Nxd5 19. Nxd5 Bxd5 20. Rxd5 Rxf4 21. Qd3 Rxa4 22. Nc4 Rb4 23. c3 Rb3 24. Rc1 a5 25. Nxd6 a4 26. Nf5 Bf6 27. Rd6 Rd8 28. Ra6 Qb8 29. Qe4 Bg5 30. Re1 a3 31. h4 Bd2 32. Ne7+ Kf8 33. Nc6 Bxe1 34. Qe7+ Kg8 35. Nxb8 Rdxb8 36. Ra7 Kh8 37. Qxf7 Bxc3 38. Qxb3 1-0

[Event "FRA-chT"]
[Site "France"]
[Date "1995.??.??"]
[Round "2"]
[White "Kappler, Jean Marie"]
[Black "Chevallier, Didier"]
[Result "0-1"]
[WhiteElo "2295"]
[BlackElo "2305"]
[PlyCount "62"]
[EventDate "1995.??.??"]
[EventType "team"]
[EventRounds "5"]
[EventCountry "FRA"]
[SourceTitle "EXT 2005"]
[Source "ChessBase"]
[SourceDate "2004.11.15"]
[SourceVersion "1"]
[SourceVersionDate "2004.11.15"]
[SourceQuality "1"]

1. d4 Nf6 2. Bg5 Ne4 3. h4 c5 4. dxc5 Na6 5. e3 Naxc5 6. Nd2 Qa5 7. a3 Qxd2+ 8. Qxd2 Nxd2 9. Kxd2 e5 10. e4 Nxe4+ 11. Ke3 f5 12. Kf3 b6 13. Bc1 Bb7 14. Ke2 Rc8 15. c3 Be7 16. Ke1 0-0 17. Rh3 f4 18. Bd3 Nc5 19. Bc4+ d5 20. Ba2 e4 21. Ne2 Nd3+ 22. Rxd3 exd3 23. Nxf4 Bxh4 24. g3 Rce8+ 25. Kd2 Bg5 26. Kxd3 Ba6+ 27. Kd4 Bf6+ 28. Kxd5 Re1 29. Ne6 Rf7 30. Kd6 Kh8 31. f4 Bb5 0-1

[Event "FRA-chT"]
[Site "France"]
[Date "1995.??.??"]
[Round "?"]
[White "Nuvoloni, Dominique"]
[Black "Chevallier, Didier"]
[Result "1/2-1/2"]
[WhiteElo "2230"]
[BlackElo "2305"]
[PlyCount "48"]
[EventDate "1995.??.??"]
[EventType "team"]
[EventRounds "5"]
[EventCountry "FRA"]
[SourceTitle "EXT 2005"]
[Source "ChessBase"]
[SourceDate "2004.11.15"]
[SourceVersion "1"]
[SourceVersionDate "2004.11.15"]
[SourceQuality "1"]

1. d4 Nf6 2. Nf3 c5 3. e3 g6 4. dxc5 Qa5+ 5. Bd2 Qxc5 6. Bc3 Bg7 7. Nbd2 0-0 8. a4 b6 9. a5 Bb7 10. Be2 d5 11. 0-0 Nc6 12. Nb3 Qd6 13. a6 Bc8 14. Ra4 Ne4 15. Qb1 Bf6 16. Ra2 Bd7 17. Bc4 Na5 18. Be2 Bh3 19. g4 Qb8 20. Re1 Qc8 21. Nfd4 Qxc3 22. Bb5 Qxb3 23. f4 Qxb5 24. Kh1 Qc6 1/2-1/2

[Event "Paris op"]
[Site "Paris"]
[Date "1995.??.??"]
[Round "?"]
[White "Roeder, Mathias"]
[Black "Chevallier, Didier"]
[Result "1-0"]
[WhiteElo "2440"]
[BlackElo "2305"]
[PlyCount "67"]
[EventDate "1995.04.??"]
[EventType "swiss"]
[EventRounds "9"]
[EventCountry "FRA"]
[SourceTitle "EXT 1997"]
[Source "ChessBase"]
[SourceDate "1996.11.15"]
[SourceVersion "1"]
[SourceVersionDate "1996.11.15"]
[SourceQuality "1"]

1. d4 Nf6 2. c4 e5 3. dxe5 Ng4 4. Bf4 Bb4+ 5. Nd2 d6 6. exd6 Qf6 7. Bg3 Qxb2 8. Ngf3 Bf5 9. a3 Bc3 10. Rc1 Qxa3 11. dxc7 Nc6 12. Bd6 Qxd6 13. Rxc3 0-0 14. e3 Qxc7 15. Be2 Rad8 16. 0-0 Rd7 17. h3 Nf6 18. Qa4 Rfd8 19. Nb3 Ne4 20. Rcc1 Rd6 21. c5 Rh6 22. Rc4 Qe7 23. Nbd4 Nxd4 24. Nxd4 Bc8 25. c6 Nd2 26. cxb7 Qxb7 27. Qa5 Re8 28. Qxd2 Bxh3 29. Bf3 Qb8 30. gxh3 Rxh3 31. Rfc1 h5 32. Bg2 Qh2+ 33. Kf1 Rh4 34. Nf3 1-0

[Event "FRA-chT"]
[Site "France"]
[Date "1995.??.??"]
[Round "5"]
[White "Viatte, Robert"]
[Black "Chevallier, Didier"]
[Result "1/2-1/2"]
[WhiteElo "2190"]
[BlackElo "2305"]
[PlyCount "85"]
[EventDate "1995.??.??"]
[EventType "team"]
[EventRounds "5"]
[EventCountry "FRA"]
[SourceTitle "EXT 2005"]
[Source "ChessBase"]
[SourceDate "2004.11.15"]
[SourceVersion "1"]
[SourceVersionDate "2004.11.15"]
[SourceQuality "1"]

1. Nf3 Nf6 2. g3 b6 3. Bg2 Bb7 4. 0-0 e6 5. d3 d5 6. Nbd2 Nbd7 7. e4 dxe4 8. Ng5 Nc5 9. Ngxe4 Ncxe4 10. Nxe4 Nxe4 11. Bxe4 Bxe4 12. dxe4 Bc5 13. Qe2 0-0 14. c3 a5 15. Rd1 Qe7 16. Be3 Rfd8 17. Bxc5 Qxc5 18. Rd3 a4 19. Rad1 Rxd3 20. Rxd3 h5 21. h4 b5 22. a3 g6 23. Qd2 Rb8 24. Qe2 Kf8 25. Qd1 Rb6 26. Rd8+ Kg7 27. Qd7 Rd6 28. Qc8 Rxd8 29. Qxd8 Qd6 30. Qg5 Qd1+ 31. Kg2 Qe2 32. e5 Qe4+ 33. Kg1 Qf5 34. Kg2 Qe4+ 35. Kg1 Qd3 36. Qc1 c5 37. Qe1 f6 38. exf6+ Kxf6 39. Qc1 Ke5 40. Qg5+ Qf5 41. Qd2 Qg4 42. Qe3+ Kd5 43. Qd3+ 1/2-1/2

[Event "FRA-ch op FIDE"]
[Site "Paris"]
[Date "1994.??.??"]
[Round "1"]
[White "Chevallier, Didier"]
[Black "Afek, Yochanan"]
[Result "1-0"]
[WhiteElo "2295"]
[BlackElo "2405"]
[PlyCount "33"]
[EventDate "1994.??.??"]
[EventType "swiss"]
[EventRounds "9"]
[EventCountry "FRA"]
[SourceTitle "EXT 1998"]
[Source "ChessBase"]
[SourceDate "1997.11.17"]
[SourceVersion "1"]
[SourceVersionDate "1997.11.17"]
[SourceQuality "1"]

1. d4 Nf6 2. c4 g6 3. Nc3 Bg7 4. e4 0-0 5. Be3 d6 6. f3 b6 7. Bd3 a6 8. Nge2 c5 9. e5 Ne8 10. Be4 Ra7 11. dxc5 bxc5 12. Bxc5 Rd7 13. Be3 dxe5 14. Qb3 Nd6 15. Qxb8 Nxc4 16. Bc5 Nd2 17. Bb6 1-0

[Event "FRA-chT2 9495"]
[Site "France"]
[Date "1994.??.??"]
[Round "?"]
[White "Chevallier, Didier"]
[Black "Aubert, Laurent"]
[Result "1/2-1/2"]
[WhiteElo "2295"]
[BlackElo "2235"]
[PlyCount "105"]
[EventDate "1994.??.??"]
[EventType "team"]
[EventRounds "11"]
[EventCountry "FRA"]
[SourceTitle "EXT 2008"]
[Source "ChessBase"]
[SourceDate "2007.11.25"]
[SourceVersion "1"]
[SourceVersionDate "2007.11.25"]
[SourceQuality "1"]

1. d4 d5 2. c4 e6 3. Nf3 c5 4. cxd5 exd5 5. Nc3 Nc6 6. g3 Nf6 7. Bg2 Be7 8. 0-0 0-0 9. dxc5 Bxc5 10. Bg5 d4 11. Ne4 Be7 12. Bxf6 Bxf6 13. Rc1 Be7 14. Ne1 Be6 15. Nd3 Bd5 16. Ndc5 b6 17. Nb3 f5 18. Ned2 Bxg2 19. Kxg2 Ne5 20. Nf3 Nxf3 21. exf3 Bf6 22. Qd3 Qd5 23. Rfd1 Rac8 24. Rxc8 Rxc8 25. Rc1 Rd8 26. a4 a5 27. Rd1 g6 28. Nc1 Rc8 29. Ne2 Qc4 30. b3 Qxd3 31. Rxd3 Kf7 32. g4 b5 33. axb5 Rb8 34. gxf5 gxf5 35. Kg3 Rxb5 36. f4 Rb4 37. Kf3 Ke6 38. Nc1 Kd5 39. Ke2 a4 40. bxa4 Rxa4 41. Rh3 Ra1 42. Kd2 Ke4 43. Rxh7 Kxf4 44. Rf7 Bg5 45. Kc2 Ra3 46. Nb3 Ke5 47. Rb7 Ke4 48. Kb2 Ra8 49. Rd7 Bf6 50. Nc5+ Kf4 51. Rd5 Re8 52. Rd6 Re2+ 53. Kc1 1/2-1/2

[Event "Metz op 12th"]
[Site "Metz"]
[Date "1994.??.??"]
[Round "6"]
[White "Volzhin, Alexander"]
[Black "Chevallier, Didier"]
[Result "1-0"]
[WhiteElo "2410"]
[BlackElo "2295"]
[PlyCount "73"]
[EventDate "1994.04.??"]
[EventType "swiss"]
[EventRounds "9"]
[EventCountry "FRA"]
[SourceTitle "TD"]
[Source "ChessBase"]
[SourceDate "1994.03.01"]
[SourceVersion "1"]
[SourceVersionDate "1994.03.01"]
[SourceQuality "1"]

1. e4 c5 2. Nf3 e6 3. d4 cxd4 4. Nxd4 Nf6 5. Nc3 Nc6 6. Ndb5 d6 7. Bf4 e5 8. Bg5 a6 9. Na3 b5 10. Nd5 Be7 11. Bxf6 Bxf6 12. c3 0-0 13. Nc2 Bg5 14. a4 bxa4 15. Rxa4 Rb8 16. h4 Bh6 17. Bxa6 Bd7 18. Ra2 Be6 19. g3 Kh8 20. 0-0 f5 21. exf5 Rxf5 22. Nce3 Bxe3 23. fxe3 e4 24. Rxf5 Bxf5 25. Be2 Ne5 26. b4 g5 27. g4 Be6 28. h5 Qc8 29. c4 Bxg4 30. Bxg4 Nxg4 31. Qd4+ Ne5 32. Qxe4 Qh3 33. Nf6 Qg3+ 34. Kf1 Qh3+ 35. Ke1 Nf3+ 36. Kf2 Kg7 37. Qe7+ 1-0

[Event "Paris-ch op"]
[Site "Paris"]
[Date "1993.??.??"]
[Round "6"]
[White "Chevallier, Didier"]
[Black "Le Bideau, Alain"]
[Result "1/2-1/2"]
[WhiteElo "2295"]
[BlackElo "2250"]
[PlyCount "62"]
[EventDate "1993.04.??"]
[EventType "swiss"]
[EventRounds "9"]
[EventCountry "FRA"]
[SourceTitle "TD"]
[Source "ChessBase"]
[SourceDate "1994.03.01"]
[SourceVersion "1"]
[SourceVersionDate "1994.03.01"]
[SourceQuality "1"]

1. d4 d5 2. c4 e6 3. Nc3 Nf6 4. cxd5 exd5 5. Bg5 Be7 6. e3 c6 7. Qc2 0-0 8. Bd3 Nbd7 9. Nge2 Re8 10. 0-0 g6 11. Ng3 Nf8 12. Rfb1 Ng4 13. Bxe7 Qxe7 14. Qd2 Qh4 15. Nf1 Ne6 16. f3 Nf6 17. Qf2 Qg5 18. b4 a6 19. a4 Nh5 20. Kh1 Bd7 21. b5 axb5 22. axb5 Rxa1 23. Rxa1 c5 24. h4 Qd8 25. Nxd5 cxd4 26. exd4 Nhf4 27. Nxf4 Nxf4 28. Bc4 Qe7 29. Nd2 Bf5 30. Ne4 Rc8 31. Nd2 Bd3 1/2-1/2

[Event "Massy op2"]
[Site "Massy"]
[Date "1993.??.??"]
[Round "1"]
[White "Prochazkova, Dana"]
[Black "Chevallier, Didier"]
[Result "0-1"]
[WhiteElo "2120"]
[BlackElo "2290"]
[PlyCount "35"]
[EventDate "1993.??.??"]
[EventType "swiss"]
[EventRounds "6"]
[EventCountry "FRA"]
[SourceTitle "EXT 1997"]
[Source "ChessBase"]
[SourceDate "1996.11.15"]
[SourceVersion "1"]
[SourceVersionDate "1996.11.15"]
[SourceQuality "1"]

1. c4 Nf6 2. Nc3 Nc6 3. g3 e5 4. Bg2 Bb4 5. Qb3 Nd4 6. Qd1 0-0 7. e3 Re8 8. exd4 exd4+ 9. Nce2 Qe7 10. Qb3 d5 11. cxd5 Bf5 12. Qf3 Be4 13. Qf4 Bxg2 14. f3 d3 15. Kf2 dxe2 16. Qe3 Qxe3+ 17. dxe3 e1Q+ 18. Kxg2 0-1

[Event "FRA-chT"]
[Site "France"]
[Date "1992.??.??"]
[Round "?"]
[White "Chevallier, Didier"]
[Black "Luce, Sebastien"]
[Result "1/2-1/2"]
[WhiteElo "2305"]
[BlackElo "2400"]
[PlyCount "84"]
[EventDate "1992.??.??"]
[EventType "team"]
[EventRounds "8"]
[EventCountry "FRA"]
[SourceTitle "EXT 1997"]
[Source "ChessBase"]
[SourceDate "1996.11.15"]
[SourceVersion "1"]
[SourceVersionDate "1996.11.15"]
[SourceQuality "1"]

1. Nf3 Nf6 2. d4 e6 3. c4 Bb4+ 4. Bd2 Qe7 5. g3 0-0 6. Bg2 Nc6 7. Nc3 Bxc3 8. Bxc3 Ne4 9. Rc1 f5 10. d5 Nd8 11. Nd2 Nxc3 12. Rxc3 e5 13. c5 Nf7 14. 0-0 d6 15. Qb3 b6 16. cxb6 cxb6 17. Rfc1 Bd7 18. Rc7 Rfc8 19. Qa3 Qd8 20. Rxc8 Bxc8 21. Qd3 g6 22. Rc3 a5 23. h4 Ba6 24. Qf3 b5 25. e4 b4 26. Rc6 f4 27. Bh3 Bb5 28. Rc2 Kg7 29. Be6 Ra7 30. Rc8 Qf6 31. Qg4 h5 32. Qh3 Nd8 33. Nf3 fxg3 34. Qxg3 Nxe6 35. dxe6 Qxe6 36. Rb8 Be2 37. Ng5 Qg4 38. Rd8 Qxg3+ 39. fxg3 Ra6 40. Rd7+ Kg8 41. Rd8+ Kg7 42. Rd7+ Kf8 1/2-1/2

[Event "Paris-ch op"]
[Site "Paris"]
[Date "1992.??.??"]
[Round "2"]
[White "Degraeve, Jean Marc"]
[Black "Chevallier, Didier"]
[Result "1-0"]
[WhiteElo "2470"]
[BlackElo "2305"]
[PlyCount "81"]
[EventDate "1992.04.??"]
[EventType "swiss"]
[EventRounds "9"]
[EventCountry "FRA"]
[SourceTitle "EXT 1997"]
[Source "ChessBase"]
[SourceDate "1996.11.15"]
[SourceVersion "1"]
[SourceVersionDate "1996.11.15"]
[SourceQuality "1"]

1. e4 c5 2. Nf3 e6 3. d4 cxd4 4. Nxd4 Nf6 5. Nc3 Nc6 6. Nxc6 bxc6 7. e5 Nd5 8. Ne4 Qc7 9. f4 Qb6 10. c4 Bb4+ 11. Ke2 f5 12. Nf2 Ba6 13. Kf3 Ne7 14. Be3 Bc5 15. Bxc5 Qxc5 16. Qd6 Qa5 17. h4 c5 18. Kg3 Rc8 19. Rh3 Rc6 20. Qd3 Kf7 21. Kh2 Rc7 22. Qd1 Rf8 23. Ra3 Qb6 24. Qb3 Rb7 25. Rd1 Rd8 26. Qa4 Qxb2 27. Nd3 Qd4 28. Qxa6 Rb4 29. Qd6 Rxc4 30. Qxd4 Rxd4 31. g3 Rb8 32. Kg1 Nd5 33. Nf2 Rxd1 34. Nxd1 Rb1 35. Nc3 Rc1 36. Nb5 Kg6 37. Kf2 Rc2+ 38. Be2 c4 39. Rxa7 Rb2 40. Nd6 h5 41. Nxc4 1-0

[Event "Cannes op"]
[Site "Cannes"]
[Date "1992.??.??"]
[Round "?"]
[White "Dragojlovic, Andjelko"]
[Black "Chevallier, Didier"]
[Result "1-0"]
[WhiteElo "2430"]
[BlackElo "2305"]
[PlyCount "105"]
[EventDate "1992.02.??"]
[EventType "swiss"]
[EventRounds "9"]
[EventCountry "FRA"]
[SourceTitle "TD"]
[Source "ChessBase"]
[SourceDate "1994.03.01"]
[SourceVersion "1"]
[SourceVersionDate "1994.03.01"]
[SourceQuality "1"]

1. e4 c5 2. Nf3 e6 3. b3 Nc6 4. Bb2 d6 5. d4 cxd4 6. Nxd4 Nf6 7. Bd3 e5 8. Ne2 d5 9. exd5 Nxd5 10. a3 Be7 11. Be4 Qa5+ 12. Qd2 Qxd2+ 13. Nxd2 Be6 14. c4 Nf6 15. Bxc6+ bxc6 16. Bxe5 0-0 17. 0-0 Rfd8 18. Rfd1 Bg4 19. f3 Bf5 20. Bc3 Rd7 21. g4 Bg6 22. Nf4 Rad8 23. Nxg6 Bc5+ 24. Kf1 fxg6 25. Ba5 Rf8 26. Kg2 Re8 27. Ne4 Rxd1 28. Nxf6+ gxf6 29. Rxd1 Bxa3 30. b4 Rb8 31. Rb1 a6 32. Rb3 Bc1 33. Rd3 Bf4 34. Rd7 c5 35. bxc5 Rc8 36. Bb6 Be3 37. Rd5 Bf4 38. h4 Be3 39. Kf1 Kf7 40. Ke2 Bg1 41. f4 Bh2 42. Kf3 Bg1 43. Ke4 Ke7 44. f5 Bf2 45. fxg6 hxg6 46. h5 gxh5 47. gxh5 Ke6 48. h6 Rh8 49. Rd6+ Ke7 50. Bd8+ Ke8 51. c6 Rxh6 52. c7 f5+ 53. Kf3 1-0

[Event "Cannes op"]
[Site "Cannes"]
[Date "1992.??.??"]
[Round "?"]
[White "Sibilio, Mario"]
[Black "Chevallier, Didier"]
[Result "1-0"]
[WhiteElo "2310"]
[BlackElo "2305"]
[PlyCount "65"]
[EventDate "1992.02.??"]
[EventType "swiss"]
[EventRounds "9"]
[EventCountry "FRA"]
[SourceTitle "TD"]
[Source "ChessBase"]
[SourceDate "1994.03.01"]
[SourceVersion "1"]
[SourceVersionDate "1994.03.01"]
[SourceQuality "1"]

1. d4 Nf6 2. c4 g6 3. g3 Bg7 4. Bg2 0-0 5. Nf3 c6 6. 0-0 d6 7. b3 Qa5 8. h3 c5 9. Bd2 Qc7 10. Nc3 cxd4 11. Nxd4 a6 12. Re1 e5 13. Nc2 Nc6 14. Bg5 Be6 15. Qd2 Qd7 16. Kh2 Ne8 17. Rad1 f6 18. Be3 f5 19. Nd5 Qf7 20. f4 Kh8 21. Ncb4 Nxb4 22. Qxb4 g5 23. c5 exf4 24. gxf4 gxf4 25. Nxf4 dxc5 26. Qxb7 Rc8 27. Qxa6 Be5 28. Kh1 Nd6 29. Rxd6 Bxd6 30. Qxd6 Rce8 31. Bxc5 Bc8 32. Bd4+ Kg8 33. Rg1 1-0

[Event "Torcy op-A"]
[Site "Torcy"]
[Date "1991.??.??"]
[Round "?"]
[White "Bouaziz, Slim"]
[Black "Chevallier, Didier"]
[Result "1/2-1/2"]
[WhiteElo "2380"]
[BlackElo "2260"]
[PlyCount "42"]
[EventDate "1991.04.??"]
[EventType "swiss"]
[EventRounds "9"]
[EventCountry "FRA"]
[SourceTitle "TD"]
[Source "ChessBase"]
[SourceDate "1994.03.01"]
[SourceVersion "1"]
[SourceVersionDate "1994.03.01"]
[SourceQuality "1"]

1. d4 Nf6 2. Nf3 g6 3. c4 Bg7 4. Nc3 0-0 5. g3 d6 6. Bg2 c6 7. 0-0 Qa5 8. h3 Be6 9. Qd3 Qa6 10. b3 d5 11. Nd2 Rd8 12. e3 Nbd7 13. Qe2 c5 14. cxd5 Qxe2 15. Nxe2 Nxd5 16. Bb2 f5 17. Rab1 Rac8 18. Rfc1 b6 19. Nf3 h6 20. Nf4 Nxf4 21. gxf4 Bd5 1/2-1/2